000 00557cam a22002291 4500
001 sa 68005224
003 DLC
005 20260227112507.0
008 890403s1967 xx 000 0 beno
010 _asa 68005224
035 _a(OCoLC)23557904
040 _aDLC
_cMiU
_dDLC
042 _apremarc
043 _aa-pk---
050 0 0 _aDS485.B44
_bB25
100 0 _aBadruddin Umar,
_d1931-
245 1 0 _aSaṃskr̥tira saṃkaṭa.
260 _c[1967]
300 _a8, 115 p.
_c22 cm.
500 _aRomanized.
651 0 _aBangladesh
_xCivilization.
999 _c80585
_d80585